00838nam a22002414a 4500001001000000003000400010005001700014008004100031020001500072082002200087100004400109245005200153250001600205260004800221300003400269500003400303504004100337650003400378653002100412942002600433999001700459952012000476013636941OSt20131027122816.0030923s2003 njua b 001 0 eng d a047144996200a621.3824222bELL1 aElliott, Robert Stratman,d1921-93421310aAntenna theory and design /cRobert S. Elliott. aRevised ed. aHoboken, N.J. :bJohn Wiley & Sons,cc2003. axxi, 594 p. :bill. ;c26 cm. a"IEEE Press classic reissue." aIncludes bibliographies and indexes. 0aAntennas (Electronics)934214 bElecOctober2013 2ddccBBk621.3824 ELL c17680d17652 00102ddc40708BaccahaMAINbMAINc1STd2013-10-27epurchasel0o621.3824 ELLp000029446r2025-07-15 00:00:00yNB